Changing ways : a practical tool for implementing change within organizations /

Bibliographic Details
Main Author: Dalziel, Murray M.
Other Authors: Schoonover, Stephen C., 1947-
Format: Book
Language:English
Published: New York, NY : American Management Association, [1988]
Subjects:

MARC

Tag First Indicator Second Indicator Subfields
LEADER 00000cam a2200000 a 4500
001 in00000031087
005 20151007054946.0
008 880121s1988 nyu 00110 eng
010 |a  87040501  
020 |a 0814459242 
035 |a (OCoLC)17441345 
035 |9 AAB6763AM 
040 |a DLC  |c DLC  |d TXA  |d UtOrBLW 
049 |a TXAM  |c [A11504690] 
050 0 0 |a HD58.8  |b .D34 1988 
082 0 |a 658.4/063  |2 19 
100 1 |a Dalziel, Murray M. 
245 1 0 |a Changing ways :  |b a practical tool for implementing change within organizations /  |c Murray M. Dalziel, Stephen C. Schoonover. 
264 1 |a New York, NY :  |b American Management Association,  |c [1988] 
264 4 |c ©1988 
300 |a ix, 165 pages ;  |c 24 cm. 
336 |a text  |b txt  |2 rdacontent 
337 |a unmediated  |b n  |2 rdamedia 
338 |a volume  |b nc  |2 rdacarrier 
500 |a Includes index. 
650 0 |a Organizational change. 
650 0 |a Leadership. 
700 1 |a Schoonover, Stephen C.,  |d 1947- 
999 |a MARS 
999 f f |s ed8df7cd-e363-371d-b367-3fd2cef3322a  |i 2e6e4732-1e4b-3a42-804e-2be2dd8b3286  |t 0 
952 f f |p ric  |a Texas A&M University  |b Rellis Campus  |c Joint Library Facility  |d Remote Storage  |t 0  |e HD58.8 .D34 1988  |h Library of Congress classification  |i unmediated -- volume  |m A14811504690 
998 f f |a HD58.8 .D34 1988  |t 0  |l Remote Storage